| 000 | 00763nam a2200229 a 4500 | ||
|---|---|---|---|
| 005 | 20230223063531.0 | ||
| 008 | 020711s1998 mx r 000 0 spa d | ||
| 020 | _a970170181X | ||
| 035 | _aUPN01000118060 | ||
| 049 | _aCG | ||
| 050 | 4 |
_aHD58.7 _bR6.4 1998 |
|
| 100 | 1 |
_aRobbins, Stephen Paul, _d1943- _930976 |
|
| 245 | 1 | 0 |
_aFundamentos de comportamiento organizacional / _cStephen P. Robbins ; tr. J. Francisco J. Dávila Martínez. |
| 250 | _a5a ed. | ||
| 260 |
_aMéxico : _bPrentice-Hall, _c1998. |
||
| 300 | _a314 p. | ||
| 534 |
_pTítulo original: _tEssentials of organization behavior |
||
| 650 | 2 |
_aConducta organizacional _96338 |
|
| 650 | 4 |
_aPERSONAL - _xDIRECCION _911025 |
|
| 650 | 2 |
_aAdministración _xEstudio y enseñanza _9423 |
|
| 905 | _aLibro | ||
| 999 |
_c90451 _d90451 |
||